Procesný prístup na podporu výkonnosti organizácie diplomová práca

Saved in:
Bibliographic Details
Main Author: Orviská, Martina
Corporate Author: Fakulta podnikového manažmentu EU. Katedra manažmentu
Other Authors: Papulová, Emília
Format: Book
Language:Slovak
Published: Bratislava 2010
Tags: Add Tag
No Tags, Be the first to tag this record!

MARC

LEADER 00000nam a2200000 4500
001 0119877
005 20240318123253.7
041 0 |a slo 
044 |a SK 
245 1 0 |a Procesný prístup na podporu výkonnosti organizácie  |b diplomová práca  |c Martina Orviská ; škol. Emília Papulová 
264 1 |a Bratislava  |c 2010 
300 |a 91 s. 
100 1 |a Orviská, Martina 
700 1 |a Papulová, Emília 
710 2 |a Fakulta podnikového manažmentu EU. Katedra manažmentu